01030cam a2200277 a 450000100090000000300040000900500170001300800410003001000170007102000180008802000400010603500390014604000110018505000190019608200160021510000260023124501730025725000120043026000630044230000350050544000520054050400660059265000310065865000340068970000290072315206307OSt20150408114137.0080305s2009 njua b 001 0 eng  a 2008010335 a9780135041963 a0131873210 (hardcover : alk. paper) a(OCoLC)213375806z(OCoLC)144520684 aMa-Un 00aP98b.J87 200900a420.2852221 aJurafsky, Dan,d1962-10aSpeech and language processing :ban introduction to natural language processing, computational linguistics, and speech recognition /cDaniel Jurafsky, James H. Martin. a2nd ed. aUpper Saddle River, N.J. :bPearson Prentice Hall,cc2009. axxxi, 988 p. :bill. ;c25 cm. 0aPrentice Hall series in artificial intelligence aIncludes bibliographical references (p. 909-958) and indexes. 0aComputational linguistics. 0aAutomatic speech recognition.1 aMartin, James H.,d1959-